सेवाजेष्ठता नियमावली (Record no. 495997)
[ view plain ]
| 000 -LEADER | |
|---|---|
| fixed length control field | 00505nam a22001577a 4500 |
| 003 - CONTROL NUMBER IDENTIFIER | |
| control field | OSt |
| 005 - DATE AND TIME OF LATEST TRANSACTION | |
| control field | 20120302152031.0 |
| 008 - FIXED-LENGTH DATA ELEMENTS--GENERAL INFORMATION | |
| fixed length control field | 091214t xxu||||| |||| 00| 0 eng d |
| 035 ## - SYSTEM CONTROL NUMBER | |
| System control number | ६८८१ |
| 040 ## - CATALOGING SOURCE | |
| Transcribing agency | मराठी |
| 245 ## - TITLE STATEMENT | |
| Title | सेवाजेष्ठता नियमावली |
| 250 ## - EDITION STATEMENT | |
| Edition statement | १ ली |
| 260 ## - PUBLICATION, DISTRIBUTION, ETC. (IMPRINT) | |
| Place of publication, distribution, etc | वर्धा |
| Name of publisher, distributor, etc | प्रशांत दातार |
| Date of publication, distribution, etc | १९८७ |
| 700 ## - ADDED ENTRY--PERSONAL NAME | |
| Personal name | दातार, प्र. य. - संपा. |
| 9 (RLIN) | 11290 |
| 942 ## - ADDED ENTRY ELEMENTS (KOHA) | |
| Source of classification or shelving scheme | Dewey Decimal Classification |
| Koha item type | Book |
| Withdrawn status | Lost status | Source of classification or shelving scheme | Damaged status | Not for loan | Home library | Current library | Date acquired | Cost, normal purchase price | Total Checkouts | Barcode | Date last seen | Price effective from |
|---|---|---|---|---|---|---|---|---|---|---|---|---|
| Dewey Decimal Classification | Dr. Bedekar Vidya Mandir Library | Dr. Bedekar Vidya Mandir Library | 12/14/2009 | 5.00 | 6881 | 03/19/2010 | 03/19/2010 |